| 000 | 00860cas a22002054i 4500 | ||
|---|---|---|---|
| 999 |
_c54602 _d54602 |
||
| 001 | 768714001 | ||
| 003 | CO-MdFUSB | ||
| 005 | 20190202100530.0 | ||
| 008 | 180817b1991 xxu||||| |||| 00| 0 eng d | ||
| 040 |
_aCO-MdFUSB _bspa _cCO-MdFUSB _dCO-MdFUSB |
||
| 041 | _aeng | ||
| 100 | 1 |
_aParedes, Joy _eautor |
|
| 245 | 1 | 0 |
_aMarriage across cultures : _b"Love alone" may not be enough for healthy intercultural marriage, but there are ways to make the relationships work |
| 300 |
_aVolumen 71. Número 3 (1991), páginas 10-11 _c: 28 cm |
||
| 520 | _aPensamiento de un extranjero sobre el intercambio cultural al momento de contraer matrimonio con una pareja de otro país. | ||
| 546 | _aTexto en inglés | ||
| 650 | 7 |
_aCultura _2sears _93 |
|
| 773 | 0 |
_tLatin America Evangelist _049466 _960815 _gVolumen 71. Número 3 (1991), páginas 10-11 _qPágina 10 |
|
| 942 | _cANA | ||